Zufällige Ergebnisse der 3.Ligasaison 23/24 - Statistiken

Allgemein
  • Dieses Quiz wurde 15 mal gespielt
  • Das Durchschnittsergebnis liegt bei 6 aus 12
Antwortstatistiken
Spiel Ergebnis % Korrekt
Duisburg-Sandhausen 3:1
73%
Ulm-Essen 2:1
60%
Viktoria Köln-Verl 3:1
60%
1860-Aue 1:2
53%
Essen-Lübeck 1:0
47%
Bielefeld-Regensburg 1:1
47%
Mannheim-Verl 1:2
47%
Dortmund 2-Halle 2:1
47%
1860-Saarbrücken 1:1
40%
Freiburg 2-Ingolstadt 1:4
40%
Unterhaching-Ulm 3:2
40%
Münster-Aue 4:0
20%
Keine übereinstimmenden Quizze gefunden
Verteilung der Resultate
Anzahl Personen mit jedem Resultat
Perzentil nach korrekt beantworteten Fragen
Ihre Resultats-Entwicklung
Sie haben dieses Quiz noch nicht gespielt